| 000 | 006540000a22001930004500 | ||
|---|---|---|---|
| 001 | 768714001 | ||
| 003 | CO-MdFUSB | ||
| 005 | 20170418113311.0 | ||
| 008 | 170418s2008 it ||||| |||| 00| 0 ger d | ||
| 022 | _a1126-8557 | ||
| 040 |
_aCO-MdFUSB _bspa _cCO-MdFUSB _dCO-MdFUSB |
||
| 100 | 1 |
_aKranz, Dirk Kurt. _eautor |
|
| 245 | 1 | 0 | _aAussagen einiger moderner Übersetzungen der septuaginta zum problemfeld ihrer inspiration. |
| 300 | _aVolumen 11, número 3 (2008), páginas 387-432 | ||
| 546 | _aTexto en alemán | ||
| 650 | 1 | 4 | _aCRISTIANISMO Y CULTURA |
| 773 | 0 |
_tAlpha omega _049514 _961519 _gVolumen 11, número 3 (2008) _qpáginas 387-432 |
|
| 942 | _cANA | ||
| 999 |
_c63172 _d63172 |
||